| 000 | 00731nmc a2200289 a 4500 | ||
|---|---|---|---|
| 003 | AR-BaBNM | ||
| 005 | 20251128211531.0 | ||
| 008 | 114120s1987 ||||||||||||||000 | spa|| | ||
| 020 | _a84-261-0600-5 | ||
| 040 | _cAR-BaBNM | ||
| 100 | 1 | _aDumas, Alexandre | |
| 245 | 1 | 0 | _aLos tres mosqueteros |
| 250 | _a2ª ed. | ||
| 260 |
_aBarcelona _bJuventud _c1987 |
||
| 300 | _a581 p. | ||
| 490 | 0 | _aColección "Libros de bolsillo Z" | |
| 650 | 4 | _aLITERATURA POPULAR | |
| 650 | 4 | _aLITERATURA FRANCESA | |
| 650 | 4 | _aESCRITORES | |
| 650 | 4 | _aSIGLO DIECINUEVE | |
| 653 | _aNOVELA DE AVENTURAS | ||
| 653 | _aNOVELA HISTORICA | ||
| 655 | _aLITERATURA | ||
| 700 | 1 |
_aBaeza, José _etraductor |
|
| 942 | _cBK | ||
| 998 | _cmartin | ||
| 999 |
_c20067 _d20067 |
||